000 00370nam a22001337a 4500
082 _a940.54
_bRAY
_cL-30, P147
100 _aRyan, cornelius
_946236
245 _aA bridge too far.
_bCornelius Ryan
260 _aBritain.
_bGreat Britain.
_cc1974.
300 _a576 p.
_bill.
_c22 cm.
526 _a0
_b0
_c0
_d940_540000000000000_RAY
650 _aMCE
_9379
942 _2ddc
_cBK
999 _c549595
_d549595